[Event "Memorial Braci Bieluczykow gr. B"]
[Site "Bialystok"]
[Date "2011.??.??"]
[Round "1.1"]
[White "Kostyra, Stanislaw"]
[Black "Chmielecka, Aleksandra"]
[Result "1-0"]
[WhiteElo "2323"]
[BlackElo "1519"]
[PlyCount "81"]
[EventDate "2011.??.??"]

1. d4 Nf6 2. c4 e6 3. Nf3 Bb4+ 4. Bd2 Qe7 5. Qc2 O-O 6. e4 d5 7. e5 Ne4 8. Bd3
Nxd2 9. Nbxd2 h6 10. O-O Nc6 11. Nb3 dxc4 12. Qxc4 Rd8 13. a3 Na5 14. Nxa5 Bxa5
15. Be4 Bb6 16. b4 c6 17. h4 Bd7 18. Rab1 a6 19. Rfd1 Ba7 20. g3 Rac8 21. Kg2
Rc7 22. Rd2 Bc8 23. Rbd1 Kf8 24. Qc3 Rdd7 25. Qe3 b6 26. Qf4 c5 27. bxc5 bxc5
28. d5 exd5 29. Bxd5 Rd8 30. Bxf7 Rxd2 31. Bc4+ Ke8 32. Rxd2 Rc6 33. Rd6 Rxd6
34. exd6 Qf6 35. Qe4+ Kd7 36. Ne5+ Kxd6 37. Qc6+ Ke7 38. Qc7+ Ke8 39. Bf7+ Kf8
40. Qxc8+ Ke7 41. Qd7+ 1-0

[Event "Memorial Braci Bieluczykow gr. B"]
[Site "Bialystok"]
[Date "2011.??.??"]
[Round "1.2"]
[White "Gierda, Piotr"]
[Black "Puksza, Andrzej"]
[Result "1/2-1/2"]
[WhiteElo "1504"]
[BlackElo "1997"]
[PlyCount "121"]
[EventDate "2011.??.??"]

1. e4 e6 2. d4 d5 3. exd5 exd5 4. Nc3 c6 5. Nf3 Bd6 6. g3 Ne7 7. Bg2 Bf5 8. O-O
Nd7 9. Re1 Qc7 10. Ne2 O-O-O 11. Bf4 Ng6 12. Bxd6 Qxd6 13. Rc1 f6 14. c4 dxc4
15. Rxc4 Nb6 16. Rc1 h5 17. a3 h4 18. b4 Kb8 19. Nc3 hxg3 20. hxg3 Qd7 21. Ne4
Bh3 22. Bh1 Bg4 23. Nc5 Qd5 24. Bg2 Bxf3 25. Qxf3 Qxf3 26. Bxf3 Rxd4 27. Re3
Ne5 28. Bg2 Rd6 29. Be4 Rhd8 30. Kg2 Ng4 31. Rd3 Rxd3 32. Bxd3 Na4 33. Be2 Nxc5
34. Bxg4 Nd3 35. Rc3 Ne5 36. Bf5 Kc7 37. f4 Rd2+ 38. Kh3 Nf7 39. Re3 Kd8 40.
Rd3+ Rxd3 41. Bxd3 Kd7 42. Kg4 g5 43. Bg6 Nd6 44. fxg5 Ke6 45. gxf6 Kxf6 46.
Kh5 Nc4 47. a4 Kg7 48. Bf5 Nb6 49. Bc2 Nd5 50. b5 c5 51. Kg5 c4 52. Be4 c3 53.
Kf5 c2 54. Bxc2 Ne3+ 55. Ke6 Nxc2 56. Kd7 b6 57. Kc7 Na3 58. Kb7 Nc4 59. Kxa7
Kf6 60. Ka6 Kf5 61. a5 1/2-1/2

[Event "Memorial Braci Bieluczykow gr. B"]
[Site "Bialystok"]
[Date "2011.??.??"]
[Round "1.3"]
[White "Cylwik, Zbigniew"]
[Black "Trofimiuk, Tomasz"]
[Result "1-0"]
[WhiteElo "1986"]
[BlackElo "1490"]
[PlyCount "67"]
[EventDate "2011.??.??"]

1. d4 Nf6 2. c4 e6 3. Nc3 Bb4 4. e3 b6 5. Nge2 Ne4 6. Qc2 Bb7 7. a3 Bxc3+ 8.
Nxc3 f5 9. Nxe4 fxe4 10. Be2 O-O 11. O-O d6 12. b4 Rf6 13. Bb2 Rh6 14. c5 Nd7
15. c6 Qh4 16. h3 Bc8 17. cxd7 Bxd7 18. Qxc7 Rd8 19. Bg4 Bb5 20. d5 e5 21. Rfc1
Rf8 22. Rc2 Bd3 23. Rd2 Rhf6 24. Be6+ Kh8 25. g3 Qg5 26. Qxd6 h5 27. Qxe5 Qg6
28. h4 Qh6 29. Qg5 Qxg5 30. hxg5 Rg6 31. f4 exf3 32. Rxd3 Rxg5 33. Kf2 h4 34.
Rh1 1-0

[Event "Memorial Braci Bieluczykow gr. B"]
[Site "Bialystok"]
[Date "2011.??.??"]
[Round "1.4"]
[White "Kozaczynska, Aleksandra"]
[Black "Bernacki, Gabriel"]
[Result "0-1"]
[WhiteElo "1484"]
[BlackElo "1947"]
[PlyCount "70"]
[EventDate "2011.??.??"]

1. e4 c5 2. Nf3 Nc6 3. d4 cxd4 4. Nxd4 e5 5. Nf3 Nf6 6. Bd3 Be7 7. Nc3 O-O 8.
O-O a6 9. Re1 b5 10. a3 d6 11. Bg5 Be6 12. Bxf6 Bxf6 13. Be2 Be7 14. Nd2 Qd7
15. Nf1 Nd4 16. Ne3 Rac8 17. Rc1 Bg5 18. Bd3 Kh8 19. Rb1 g6 20. Ned5 Qb7 21. f3
f5 22. Kh1 Qg7 23. Rf1 Qh6 24. Rf2 Bh4 25. Rf1 Bg3 26. h3 f4 27. Qd2 g5 28.
Rfd1 g4 29. fxg4 Bxg4 30. Rf1 Rg8 31. Rf2 Bxh3 32. gxh3 Qxh3+ 33. Rh2 Bxh2 34.
Qxh2 Qf3+ 35. Qg2 Qxg2# 0-1

[Event "Memorial Braci Bieluczykow gr. B"]
[Site "Bialystok"]
[Date "2011.??.??"]
[Round "1.5"]
[White "Filimoniuk, Marcin"]
[Black "Filewicz, Przemyslaw"]
[Result "1-0"]
[WhiteElo "1768"]
[BlackElo "1453"]
[PlyCount "119"]
[EventDate "2011.??.??"]

1. Nf3 d5 2. d4 Bf5 3. g3 e6 4. Bg2 Bd6 5. Nbd2 Nd7 6. c4 c6 7. Nh4 Bg6 8. e4
dxe4 9. Nxg6 hxg6 10. Nxe4 Bc7 11. O-O Nh6 12. d5 cxd5 13. cxd5 e5 14. Bg5 f6
15. Be3 O-O 16. Qb3 Bb6 17. Bxh6 gxh6 18. d6+ Kg7 19. Rac1 f5 20. Nd2 e4 21.
Nc4 Rc8 22. Qc3+ Qf6 23. Qxf6+ Nxf6 24. Nxb6 axb6 25. Rfd1 Rfd8 26. Rxc8 Rxc8
27. Bf1 Rd8 28. Bc4 Ne8 29. d7 Nf6 30. Bb5 e3 31. fxe3 Ne4 32. Rd5 Kf6 33. Kg2
Ke6 34. Rd4 Nc5 35. Kf3 Nxd7 36. Ke2 Ke7 37. e4 fxe4 38. Rxe4+ Kf6 39. Rd4 Ke7
40. Bd3 Ne5 41. Rxd8 Kxd8 42. Be4 Kc7 43. b3 b5 44. h3 b6 45. Ke3 Kd6 46. Kd4
g5 47. Bg2 Nd7 48. Bf1 Kc6 49. b4 Kd6 50. Bxb5 Nf6 51. Be2 Ne8 52. a4 Nc7 53.
Bc4 Ne8 54. a5 bxa5 55. bxa5 Nc7 56. Ke4 h5 57. Kf5 g4 58. h4 Kc5 59. Be2 Nd5
60. Kg5 1-0

[Event "Memorial Braci Bieluczykow gr. B"]
[Site "Bialystok"]
[Date "2011.??.??"]
[Round "1.6"]
[White "Ocytko, Michal"]
[Black "Gorbacz, Filip"]
[Result "0-1"]
[WhiteElo "1368"]
[BlackElo "1652"]
[PlyCount "86"]
[EventDate "2011.??.??"]

1. d4 Nf6 2. Nf3 e6 3. g3 b6 4. Bg2 Bb7 5. c3 Be7 6. Nbd2 O-O 7. O-O d6 8. Nb3
Nbd7 9. Bg5 h6 10. Bxf6 Nxf6 11. Re1 c5 12. Qc1 Qc7 13. dxc5 bxc5 14. Nbd2 d5
15. a3 a5 16. Qb1 a4 17. e3 Rfd8 18. c4 dxc4 19. Nxc4 Be4 20. Qc1 Qb7 21. Nh4
Bxg2 22. Nxg2 Qb3 23. Rb1 Ra7 24. Qc3 Qxc3 25. bxc3 Rd3 26. Rec1 Ne4 27. Ne1
Rxc3 28. Rxc3 Nxc3 29. Rb2 Bf6 30. Rc2 Rd7 31. Kg2 Rd1 32. Nf3 Ra1 33. Nfe5
Bxe5 34. Nxe5 Rxa3 35. Nd3 c4 36. Ne5 Rb3 37. Nxc4 Nb1 38. Nd2 Nxd2 39. Rxd2
Kf8 40. Kf3 Ke7 41. Ke2 a3 42. Kd1 Rb1+ 43. Ke2 Rb2 0-1

[Event "Memorial Braci Bieluczykow gr. B"]
[Site "Bialystok"]
[Date "2011.??.??"]
[Round "2.1"]
[White "Gorbacz, Filip"]
[Black "Kostyra, Stanislaw"]
[Result "0-1"]
[WhiteElo "1652"]
[BlackElo "2323"]
[PlyCount "70"]
[EventDate "2011.??.??"]

1. e4 c5 2. Nf3 e6 3. d4 cxd4 4. Nxd4 Nf6 5. Bd3 a6 6. O-O d6 7. Ne2 Nbd7 8.
Nbc3 b5 9. a3 Bb7 10. f3 Qb6+ 11. Kh1 Be7 12. Bf4 Rc8 13. Qe1 Ne5 14. Bxe5 dxe5
15. Qg3 O-O 16. Qxe5 Bd6 17. Qg5 Rc5 18. Qe3 Qc7 19. f4 e5 20. f5 Qe7 21. Qg5
Rfc8 22. Rae1 R5c7 23. Rf3 h6 24. Qh4 b4 25. axb4 Bxb4 26. Ra1 a5 27. Nb5 Rxc2
28. Bxc2 Rxc2 29. Nec3 Rxb2 30. Rc1 Qc5 31. Rff1 Rd2 32. Nb1 Qxb5 33. Nxd2 Bxd2
34. Rb1 Bb4 35. Rbd1 Bxe4 0-1

[Event "Memorial Braci Bieluczykow gr. B"]
[Site "Bialystok"]
[Date "2011.??.??"]
[Round "2.3"]
[White "Bernacki, Gabriel"]
[Black "Daciuk, Jaroslaw"]
[Result "0-1"]
[WhiteElo "1947"]
[BlackElo "1594"]
[PlyCount "112"]
[EventDate "2011.??.??"]

1. d4 d5 2. c4 e6 3. Nc3 Nf6 4. cxd5 exd5 5. Bg5 Nbd7 6. e3 Be7 7. Bd3 O-O 8.
Qc2 c6 9. Nge2 Re8 10. O-O Nf8 11. Rae1 Ne4 12. Bxe7 Qxe7 13. f3 Nxc3 14. Nxc3
Qf6 15. b4 Bd7 16. a4 Re7 17. Re2 Rae8 18. Rfe1 g6 19. Qd2 Ne6 20. Bb1 Kg7 21.
b5 h6 22. a5 Ng5 23. Rf2 Ne6 24. Rfe2 h5 25. Ba2 Qg5 26. Kh1 h4 27. Rg1 Nd8 28.
Rge1 h3 29. bxc6 bxc6 30. Nd1 Qf5 31. Nf2 hxg2+ 32. Kxg2 Rh8 33. e4 Qh5 34. Rh1
Bh3+ 35. Nxh3 Qxh3+ 36. Kf2 Qh4+ 37. Kf1 dxe4 38. d5 Qf6 39. f4 cxd5 40. Bxd5
e3 41. Qb4 Rh4 42. Qb2 Rxf4+ 43. Kg2 Qxb2 44. Rxb2 Rf5 45. Bf3 Rxa5 46. Rc1 Ne6
47. Rc4 Nc5 48. h4 Nd3 49. Re2 Ra3 50. h5 g5 51. Kg3 Nf4 52. Re1 e2 53. Rxf4
gxf4+ 54. Kxf4 Rae3 55. Kg3 a5 56. Kf2 a4 0-1

[Event "Memorial Braci Bieluczykow gr. B"]
[Site "Bialystok"]
[Date "2011.??.??"]
[Round "2.6"]
[White "Burakowska, Gabriela"]
[Black "Gierda, Piotr"]
[Result "1-0"]
[WhiteElo "1585"]
[BlackElo "1504"]
[PlyCount "124"]
[EventDate "2011.??.??"]

1. d4 d5 2. Nf3 Nc6 3. c4 e6 4. cxd5 exd5 5. Nc3 Nf6 6. Bg5 Be7 7. e3 a6 8. Bd3
O-O 9. O-O Bg4 10. Be2 Ne4 11. Bxe7 Nxe7 12. Ne5 Nxc3 13. bxc3 Bxe2 14. Qxe2 f6
15. Nd3 Nc8 16. Nc5 Qe7 17. Nxb7 Qa3 18. Qc2 Rb8 19. Rab1 c6 20. Rb3 Qe7 21.
Nc5 Ra8 22. Rb7 Qe8 23. Rfb1 Nd6 24. R7b4 Nc4 25. Qe2 Na3 26. Re1 Nb5 27. Qd3
Qg6 28. Qxg6 hxg6 29. Rb3 f5 30. h3 a5 31. a4 Nd6 32. Rb6 Rfc8 33. Kh2 g5 34.
Kg3 Kf7 35. f3 Ra7 36. Reb1 Raa8 37. Kf2 Ra7 38. Ra6 Rxa6 39. Nxa6 Nc4 40. Nc5
Kg6 41. Re1 Re8 42. g3 Nb2 43. g4 fxg4 44. hxg4 Rh8 45. Kg3 Nc4 46. e4 Re8 47.
e5 Kf7 48. f4 gxf4+ 49. Kxf4 Ke7 50. Rb1 g5+ 51. Kxg5 Rg8+ 52. Kf4 Rf8+ 53. Kg3
Kf7 54. Rf1+ Ke7 55. Rxf8 Kxf8 56. Kf4 Nb6 57. g5 Nc8 58. Kf5 Kf7 59. g6+ Kg7
60. Ne6+ Kg8 61. Kf6 Kh8 62. Kf7 Nd6+ 1-0

[Event "Memorial Braci Bieluczykow gr. B"]
[Site "Bialystok"]
[Date "2011.??.??"]
[Round "2.7"]
[White "Filewicz, Przemyslaw"]
[Black "Grabarczyk, Edmund"]
[Result "1-0"]
[WhiteElo "1453"]
[BlackElo "1571"]
[PlyCount "43"]
[EventDate "2011.??.??"]

1. e4 e5 2. d4 exd4 3. c3 dxc3 4. Nf3 cxb2 5. Bxb2 Nc6 6. Bc4 Bb4+ 7. Nbd2 f6
8. Qb3 Nh6 9. O-O Bxd2 10. Nxd2 Na5 11. Qb5 Nxc4 12. Qxc4 c6 13. e5 d5 14. exd6
Qxd6 15. Rfe1+ Kd8 16. Ne4 Qf4 17. Rad1+ Kc7 18. Ba3 Rd8 19. Rxd8 Kxd8 20. Rd1+
Bd7 21. Rxd7+ Kxd7 22. Nc5+ 1-0

[Event "Memorial Braci Bieluczykow gr. B"]
[Site "Bialystok"]
[Date "2011.??.??"]
[Round "2.8"]
[White "Chmielecka, Aleksandra"]
[Black "Kozaczynska, Aleksandra"]
[Result "0-1"]
[WhiteElo "1519"]
[BlackElo "1484"]
[PlyCount "72"]
[EventDate "2011.??.??"]

1. Nf3 Nf6 2. c4 d5 3. b3 e6 4. Bb2 Be7 5. g3 c6 6. Bg2 O-O 7. O-O Nbd7 8. d3
b6 9. Nbd2 Bb7 10. Rc1 Rc8 11. Rc2 Re8 12. Qa1 Bf8 13. Re1 c5 14. d4 dxc4 15.
Nxc4 cxd4 16. Nxd4 Bxg2 17. Kxg2 Bc5 18. Nb5 a6 19. Ncd6 axb5 20. Nxc8 Qxc8 21.
b4 Qb7+ 22. Kg1 Bxb4 23. Rec1 Bc5 24. Bd4 Qe4 25. Bc3 b4 26. Be1 Ra8 27. Qb2
Qf5 28. Rc4 h6 29. Rf4 Qd5 30. Rfc4 Ne5 31. R4c2 Nc6 32. Rd2 Qf5 33. e3 Qh3 34.
Re2 Ng4 35. f3 Nxe3 36. Rxc5 Qf1# 0-1

[Event "Memorial Braci Bieluczykow gr. B"]
[Site "Bialystok"]
[Date "2011.??.??"]
[Round "2.9"]
[White "Trofimiuk, Tomasz"]
[Black "Ocytko, Michal"]
[Result "1-0"]
[WhiteElo "1490"]
[BlackElo "1368"]
[PlyCount "95"]
[EventDate "2011.??.??"]

1. e4 d5 2. exd5 Qxd5 3. Nc3 Qd8 4. d4 Nf6 5. Bf4 Nd5 6. Nxd5 Qxd5 7. Bxc7 Na6
8. Bf4 e6 9. a3 Bd6 10. Be3 Bd7 11. c4 Qc6 12. Nf3 O-O 13. Bd3 Qc7 14. Qd2 Nb8
15. O-O g6 16. c5 Be7 17. Bf4 Qd8 18. Ne5 Bf6 19. Be4 Bc6 20. Nxc6 Nxc6 21. Bd6
Be7 22. Bxe7 Qxe7 23. Qc3 Rad8 24. Rad1 Rd7 25. Rd3 Rfd8 26. Rfd1 Qf6 27. Bxc6
bxc6 28. Qc4 Qf5 29. b4 e5 30. h3 Rxd4 31. Rxd4 Rxd4 32. Rxd4 exd4 33. Qxd4 Qc8
34. Qc4 a6 35. a4 Qb7 36. Qd4 h5 37. Qd8+ Kg7 38. Qb6 Qc8 39. Kh2 h4 40. b5
axb5 41. a5 Kf6 42. a6 Qe8 43. Qc7 b4 44. a7 b3 45. Qb8 Qe6 46. a8=Q Kf5 47.
Qa4 f6 48. Qaf4# 1-0

[Event "Memorial Braci Bieluczykow gr. B"]
[Site "Bialystok"]
[Date "2011.??.??"]
[Round "3.1"]
[White "Kostyra, Stanislaw"]
[Black "Daciuk, Jaroslaw"]
[Result "1-0"]
[WhiteElo "2323"]
[BlackElo "1594"]
[PlyCount "49"]
[EventDate "2011.??.??"]

1. e4 c5 2. Nc3 e6 3. Nf3 Nc6 4. Bb5 Qc7 5. O-O a6 6. Bxc6 bxc6 7. e5 f6 8. Re1
fxe5 9. Nxe5 Nf6 10. d4 cxd4 11. Qxd4 c5 12. Qh4 Bb7 13. Bf4 Bd6 14. Rad1 O-O-O
15. Rxd6 Qxd6 16. Rd1 Qe7 17. Nc4 d6 18. Nxd6+ Rxd6 19. Bxd6 Qd7 20. Qc4 Rd8
21. Qxc5+ Qc6 22. Qxc6+ Bxc6 23. Be5 Nd5 24. Ne4 Kb7 25. c4 1-0

[Event "Memorial Braci Bieluczykow gr. B"]
[Site "Bialystok"]
[Date "2011.??.??"]
[Round "3.3"]
[White "Burakowska, Gabriela"]
[Black "Puksza, Andrzej"]
[Result "0-1"]
[WhiteElo "1585"]
[BlackElo "1997"]
[PlyCount "102"]
[EventDate "2011.??.??"]

1. d4 c5 2. d5 e5 3. Nc3 d6 4. e4 f5 5. Nf3 Nf6 6. Bb5+ Bd7 7. Bxd7+ Qxd7 8.
Qe2 Be7 9. Ng5 fxe4 10. Ngxe4 Na6 11. a3 Nc7 12. Nxf6+ Bxf6 13. O-O O-O 14. Qe4
a6 15. Kh1 b5 16. b3 g6 17. Bb2 Qf5 18. f3 Bg7 19. Ne2 Qxe4 20. fxe4 a5 21. h3
a4 22. b4 cxb4 23. axb4 Na6 24. c3 Rac8 25. Rf3 Rc4 26. Rxf8+ Kxf8 27. Ng3 Bh6
28. Rf1+ Ke7 29. Rf3 Bf4 30. Kg1 Bxg3 31. Rxg3 Rxe4 32. Kf2 Nc7 33. Rd3 Kd7 34.
g3 h5 35. Bc1 Rc4 36. Bb2 Ne8 37. Rf3 Ke7 38. Bc1 Nc7 39. Rd3 e4 40. Rd1 Rxc3
41. h4 Kd7 42. Bf4 a3 43. Bg5 Rd3 44. Re1 Nxd5 45. Rxe4 Rd1 46. Bh6 a2 47. Bg7
a1=Q 48. Bxa1 Rxa1 49. Rd4 Ke6 50. Kf3 Ra3+ 51. Kf2 Rb3 0-1

[Event "Memorial Braci Bieluczykow gr. B"]
[Site "Bialystok"]
[Date "2011.??.??"]
[Round "3.4"]
[White "Cylwik, Zbigniew"]
[Black "Filewicz, Przemyslaw"]
[Result "0-1"]
[WhiteElo "1986"]
[BlackElo "1453"]
[PlyCount "78"]
[EventDate "2011.??.??"]

1. d4 Nf6 2. c4 e6 3. Nc3 Bb4 4. Bd2 d5 5. e3 O-O 6. a3 Bxc3 7. Bxc3 b6 8. Nf3
Bb7 9. Be2 Nbd7 10. O-O Ne4 11. Rc1 Qe7 12. cxd5 exd5 13. Nd2 f5 14. Nxe4 fxe4
15. Bb4 c5 16. dxc5 bxc5 17. Bc3 Rad8 18. b4 c4 19. Rb1 Ne5 20. b5 Qg5 21. Bxe5
Qxe5 22. a4 Kh8 23. a5 d4 24. exd4 Rxd4 25. Qc1 Rc8 26. a6 Ba8 27. Bg4 Rcd8 28.
Re1 Qc5 29. Qe3 Qc7 30. Be2 c3 31. Rbc1 c2 32. f3 h6 33. fxe4 Rxe4 34. Qf2 Re6
35. Bg4 Rxe1+ 36. Qxe1 Qf4 37. Be2 Qe3+ 38. Kh1 Rd2 39. Bh5 Bxg2# 0-1

[Event "Memorial Braci Bieluczykow gr. B"]
[Site "Bialystok"]
[Date "2011.??.??"]
[Round "3.10"]
[White "Grabaczyk, Edmund"]
[Black "Chmielecka, Aleksandra"]
[Result "0-1"]
[WhiteElo "1571"]
[BlackElo "1519"]
[PlyCount "88"]
[EventDate "2011.??.??"]

1. d4 Nf6 2. c4 e6 3. Nc3 Bb4 4. Bd2 c5 5. dxc5 Bxc5 6. e4 Qb6 7. Nh3 Qxb2 8.
Bd3 Na6 9. Rb1 Qa3 10. Rb3 Qa5 11. e5 Ng8 12. O-O Qc7 13. Re1 Ne7 14. Nb5 Qd8
15. Bg5 h6 16. Bh4 g5 17. Nxg5 hxg5 18. Bxg5 Qa5 19. Bd2 Qd8 20. Qg4 Rg8 21.
Qh5 Ng6 22. Bxg6 Rxg6 23. Qh8+ Ke7 24. Qh4+ Ke8 25. Qh7 Rg4 26. Rf3 Qe7 27.
Nd6+ Bxd6 28. exd6 Qf8 29. h3 Qg8 30. Qh5 Rxg2+ 31. Kh1 Nb8 32. Rg3 Rxg3 33.
fxg3 b6 34. Qh4 Nc6 35. Re5 Bb7 36. Kh2 f6 37. Rh5 Qg6 38. Rh6 Ne5 39. Rh8+ Kf7
40. Rh7+ Kg8 41. Rh8+ Kg7 42. Bh6+ Kxh8 43. Bf4+ Kg7 44. Bxe5 Qc2+ 0-1

[Event "Memorial Braci Bieluczykow gr. B"]
[Site "Bialystok"]
[Date "2011.??.??"]
[Round "3.9"]
[White "Ocytko, Michal"]
[Black "Zoch, Tomasz"]
[Result "0-1"]
[WhiteElo "1368"]
[BlackElo "1883"]
[PlyCount "78"]
[EventDate "2011.??.??"]

1. d4 Nf6 2. Nf3 g6 3. g3 Bg7 4. Bg2 d6 5. c3 O-O 6. O-O Nbd7 7. Nbd2 Rb8 8. a4
c5 9. e3 Qa5 10. Nb3 Qb6 11. dxc5 Nxc5 12. Nxc5 Qxc5 13. Qd4 Qa5 14. b4 Qa6 15.
Bb2 Bd7 16. b5 Qa5 17. Qb4 Qxb4 18. cxb4 Rfc8 19. Rac1 Nd5 20. Rxc8+ Rxc8 21.
Bxg7 Kxg7 22. Nd4 Be6 23. Bxd5 Bxd5 24. h4 Rc4 25. Rb1 Be4 26. Ra1 Rxb4 27. f3
Bd3 28. Ra3 e5 29. e4 Bxe4 30. fxe4 Rxd4 31. a5 Rxe4 32. b6 axb6 33. axb6 Rb4
34. Kf2 Rxb6 35. Ke3 Kf6 36. g4 Rb4 37. h5 gxh5 38. gxh5 Kg5 39. Rd3 e4 0-1

[Event "Memorial Braci Bieluczykow gr. B"]
[Site "Bialystok"]
[Date "2011.??.??"]
[Round "3.6"]
[White "Kozaczynska, Aleksandra"]
[Black "Gorbacz, Filip"]
[Result "0-1"]
[WhiteElo "1484"]
[BlackElo "1652"]
[PlyCount "164"]
[EventDate "2011.??.??"]

1. e4 c5 2. Nf3 d6 3. d4 cxd4 4. Nxd4 Nf6 5. Nc3 a6 6. Be2 e6 7. O-O Be7 8. f4
O-O 9. Be3 Nbd7 10. Bf3 Qc7 11. Qe1 Nb6 12. Nb3 Nc4 13. Rb1 Nxe3 14. Qxe3 Rb8
15. Rbe1 b5 16. Qd2 Bb7 17. e5 dxe5 18. Bxb7 Rxb7 19. Rxe5 Rd8 20. Qc1 Qb6+ 21.
Kh1 Ng4 22. Re2 Rbd7 23. h3 Nf6 24. Ree1 Bb4 25. Qe3 Qc7 26. Rf3 Qc4 27. a3 Bf8
28. Qe2 Qc7 29. Qf2 Nd5 30. Nxd5 Rxd5 31. c3 a5 32. Qf1 b4 33. axb4 axb4 34.
Rc1 g6 35. cxb4 Qxc1 36. Qxc1 Rd1+ 37. Rf1 Rxc1 38. Rxc1 Bxb4 39. Nc5 Rd2 40.
b3 Kg7 41. Na6 Bd6 42. g3 Rd3 43. Kg2 Rxb3 44. Nc5 Ra3 45. Ne4 Bb4 46. Rb1 Bf8
47. Rb8 Re3 48. Ng5 h6 49. Nf3 Re2+ 50. Kf1 Ra2 51. Rc8 Bd6 52. Rc6 Bb8 53. Rc3
Ba7 54. h4 Rf2+ 55. Ke1 Rg2 56. Ne5 Bb6 57. Kf1 Rf2+ 58. Ke1 Ba5 59. Kxf2 Bxc3
60. Nd7 Bd4+ 61. Kf3 f6 62. Nb8 Kf7 63. Nc6 Bc5 64. g4 Ke8 65. f5 gxf5 66. gxf5
Kd7 67. Na5 exf5 68. Kf4 Ke6 69. Nc4 Bf2 70. h5 Bd4 71. Kf3 Be5 72. Ne3 Bb8 73.
Nc4 f4 74. Kg4 Kd5 75. Nd2 Ke5 76. Nf3+ Ke4 77. Nd2+ Ke3 78. Nc4+ Ke2 79. Nb6
f3 80. Nd5 f2 81. Nc3+ Kd3 82. Nd5 f1=Q 0-1

[Event "Memorial Braci Bieluczykow gr. B"]
[Site "Bialystok"]
[Date "2011.??.??"]
[Round "4.1"]
[White "Filimoniuk, Marcin"]
[Black "Kostyra, Stanislaw"]
[Result "0-1"]
[WhiteElo "1768"]
[BlackElo "2323"]
[PlyCount "72"]
[EventDate "2011.??.??"]

1. Nf3 c5 2. c4 Nc6 3. d4 cxd4 4. Nxd4 Nf6 5. Nc3 e6 6. Nc2 a6 7. g3 b5 8. cxb5
axb5 9. Bg2 b4 10. Ne4 Nxe4 11. Bxe4 d5 12. Bg2 Be7 13. O-O Ba6 14. Re1 O-O 15.
Nd4 Nxd4 16. Qxd4 Qa5 17. Bf4 Bc5 18. Qd2 Qb6 19. e4 dxe4 20. Be3 f5 21. Qd7
Bxe3 22. Rxe3 Rfd8 23. Qe7 Ra7 24. Qg5 Rad7 25. h4 Rd2 26. Bf1 Bxf1 27. Rxf1
Rxb2 28. h5 h6 29. Qe7 Qd6 30. Qa7 Qd5 31. Qe7 Kh7 32. Rb3 Rxb3 33. axb3 Qd6
34. Qf7 Kh8 35. Ra1 e3 36. Ra7 exf2+ 0-1

[Event "Memorial Braci Bieluczykow gr. B"]
[Site "Bialystok"]
[Date "2011.??.??"]
[Round "4.2"]
[White "Puksza, Andrzej"]
[Black "Bernacki, Gabriel"]
[Result "1-0"]
[WhiteElo "1997"]
[BlackElo "1947"]
[PlyCount "135"]
[EventDate "2011.??.??"]

1. e4 c6 2. d4 d5 3. e5 Bf5 4. Bd3 Bxd3 5. Qxd3 e6 6. f4 Qa5+ 7. Bd2 Qa6 8.
Qxa6 Nxa6 9. Nf3 Ne7 10. Nc3 c5 11. dxc5 Nc6 12. O-O Bxc5+ 13. Kh1 Nc7 14. a3
a6 15. Rae1 O-O 16. g4 g6 17. h4 Rac8 18. Re2 Nd4 19. Nxd4 Bxd4 20. Nd1 Ne8 21.
c3 Bb6 22. f5 exf5 23. Bh6 Ng7 24. gxf5 Rc4 25. f6 Nf5 26. Bxf8 Ng3+ 27. Kg2
Nxe2 28. Bh6 Re4 29. Kf3 Ng1+ 30. Kg3 Rxe5 31. Nf2 Ne2+ 32. Kf3 d4 33. Nd3 Re6
34. Re1 dxc3 35. Rxe2 Rxe2 36. Kxe2 cxb2 37. Nxb2 Bd4 38. Nd3 Bxf6 39. Bg5 Bd4
40. Be3 Bf6 41. Nc5 Be7 42. a4 b5 43. a5 Bd8 44. Bd2 Bxh4 45. Nxa6 Bd8 46. Nb8
Bxa5 47. Bxa5 f5 48. Nc6 Kf7 49. Nd4 f4 50. Kf3 g5 51. Nxb5 Kg6 52. Nd4 Kh5 53.
Bd8 Kg6 54. Kg4 h6 55. Be7 Kf7 56. Bd6 Kg6 57. Be5 h5+ 58. Kf3 Kh6 59. Bc7 Kg6
60. Bd8 Kh6 61. Ke4 Kg6 62. Be7 h4 63. Kf3 Kh5 64. Ne6 g4+ 65. Kxf4 g3 66. Kf3
g2 67. Nf4+ Kh6 68. Kxg2 1-0

[Event "Memorial Braci Bieluczykow gr. B"]
[Site "Bialystok"]
[Date "2011.??.??"]
[Round "4.3"]
[White "Gorbacz, Filip"]
[Black "Trofimiuk, Tomasz"]
[Result "1/2-1/2"]
[WhiteElo "1652"]
[BlackElo "1490"]
[PlyCount "97"]
[EventDate "2011.??.??"]

1. e4 c5 2. Nf3 d6 3. d4 cxd4 4. Nxd4 Nf6 5. Nc3 g6 6. f4 Nc6 7. Nf3 Bg7 8. Bd3
O-O 9. O-O Nb4 10. Qe1 Bd7 11. h3 Nxd3 12. cxd3 b5 13. e5 dxe5 14. fxe5 Ne8 15.
d4 Nc7 16. a3 Bc6 17. Be3 Nd5 18. Nxd5 Bxd5 19. Qd2 Qb6 20. Rac1 Rac8 21. b4
Rc4 22. Rxc4 bxc4 23. Qc3 Ra8 24. Nd2 Qc6 25. Rf2 Bf8 26. Nf1 Qa4 27. Bd2 Qb3
28. Ne3 Qxc3 29. Bxc3 e6 30. Nxd5 exd5 31. Ra2 Bh6 32. Kf2 Kf8 33. Kf3 Ke7 34.
h4 Rf8 35. Re2 Kd7 36. b5 Rb8 37. a4 Bf8 38. Rb2 Ba3 39. Ra2 Be7 40. Kg4 h5+
41. Kh3 Rb6 42. Ba5 Re6 43. Bc3 f6 44. Rd2 Kc7 45. Rf2 Kb6 46. Rd2 Bd8 47. g4
hxg4+ 48. Kxg4 Bc7 49. Kf4 1/2-1/2

[Event "Memorial Braci Bieluczykow gr. B"]
[Site "Bialystok"]
[Date "2011.??.??"]
[Round "4.4"]
[White "Daciuk, Jaroslaw"]
[Black "Filewicz, Przemyslaw"]
[Result "0-1"]
[WhiteElo "1594"]
[BlackElo "1453"]
[PlyCount "94"]
[EventDate "2011.??.??"]

1. c4 e6 2. Nc3 Nf6 3. Nf3 d5 4. d4 Be7 5. e3 Nbd7 6. cxd5 exd5 7. Be2 c6 8.
O-O O-O 9. b3 Re8 10. Bb2 Nf8 11. Qc2 Bg4 12. Ne5 Bxe2 13. Qxe2 Bd6 14. Nd3 Qc7
15. h3 Ne6 16. Qc2 Ng5 17. Rac1 Qc8 18. Ne2 Nge4 19. Nef4 h5 20. Qe2 Qf5 21.
Ne5 Qh7 22. Qc2 g5 23. Ne2 Bc7 24. f3 Nd6 25. Qxh7+ Kxh7 26. Kf2 Ng8 27. g4 h4
28. Nc3 f6 29. Nd3 Nf7 30. Ke2 Ne7 31. e4 Ng6 32. Nxd5 cxd5 33. Rxc7 dxe4 34.
Rxf7+ Kg8 35. Rxf6 exd3+ 36. Kxd3 Nf4+ 37. Kd2 Re2+ 38. Kc1 Nd3+ 39. Kb1 Rxb2+
40. Ka1 Rh2 41. Rg6+ Kh7 42. Rxg5 Rxh3 43. f4 Rh2 44. f5 Rc8 45. f6 Rcc2 46.
Ra5 Rhf2 47. Rxf2 Rc1# 0-1

[Event "Memorial Braci Bieluczykow gr. B"]
[Site "Bialystok"]
[Date "2011.??.??"]
[Round "4.7"]
[White "Zoch, Tomasz"]
[Black "Kozaczynska, Aleksandra"]
[Result "1/2-1/2"]
[WhiteElo "1883"]
[BlackElo "1484"]
[PlyCount "96"]
[EventDate "2011.??.??"]

1. e4 e5 2. Nf3 Nc6 3. Bb5 a6 4. Bxc6 dxc6 5. O-O Qd6 6. d4 exd4 7. Qxd4 Qxd4
8. Nxd4 Bd7 9. Nc3 Ne7 10. Bf4 O-O-O 11. Nf3 Ng6 12. Bg3 Be7 13. h3 Rhe8 14.
Rad1 Bf6 15. Rfe1 Rf8 16. Rd3 Be6 17. a3 Bc4 18. Rxd8+ Rxd8 19. Rd1 Rxd1+ 20.
Nxd1 Be2 21. Nc3 Bxf3 22. gxf3 Ne5 23. Bxe5 Bxe5 24. Nd1 b5 25. Kf1 Kd7 26. Ke2
Bf4 27. Kd3 Kd6 28. Ne3 Bxe3 29. fxe3 c5 30. b3 c6 31. f4 f6 32. h4 h6 33. h5
a5 34. c3 Ke6 35. b4 axb4 36. axb4 Kd6 37. Kc2 cxb4 38. cxb4 c5 39. bxc5+ Kxc5
40. Kc3 Kd6 41. Kd4 Kc6 42. Kc3 Kc5 43. Kb3 b4 44. Kb2 Kd6 45. Kb3 Kc5 46. Kc2
Kd6 47. Kd2 Kc6 48. Kd3 Kc5 1/2-1/2

[Event "Memorial Braci Bieluczykow gr. B"]
[Site "Bialystok"]
[Date "2011.??.??"]
[Round "4.10"]
[White "Ocytko, Michal"]
[Black "Grabarczyk, Edmund"]
[Result "0-1"]
[WhiteElo "1368"]
[BlackElo "1571"]
[PlyCount "108"]
[EventDate "2011.??.??"]

1. d4 d5 2. Nf3 Nc6 3. g3 g6 4. c3 Bg7 5. Bg2 Nf6 6. Nbd2 O-O 7. O-O Re8 8. Re1
e5 9. dxe5 Nxe5 10. Nxe5 Rxe5 11. Nf3 Re8 12. Bg5 c6 13. Bxf6 Bxf6 14. Qb3 Rb8
15. e3 a5 16. Nd4 Bd7 17. a4 Re5 18. Qc2 b5 19. axb5 cxb5 20. e4 dxe4 21. Rxe4
b4 22. Rxe5 Bxe5 23. Nc6 Bxc6 24. Bxc6 bxc3 25. b3 Qd2 26. Be4 Bd4 27. Qxd2
cxd2 28. Rd1 Bc3 29. Bd5 Re8 30. Bf3 Bb4 31. Kf1 Rd8 32. Be2 h5 33. h4 Kg7 34.
Kg2 Ba3 35. Kf1 Bc1 36. Kg2 Kf6 37. Kf3 Ke5 38. Ke3 f5 39. f4+ Kf6 40. Kf3 Rd4
41. Ke3 Re4+ 42. Kf3 Ke7 43. Kf2 Kd6 44. Kf3 Kc5 45. Kf2 Kb4 46. Rh1 Kxb3 47.
Bd1+ Kc3 48. Rf1 a4 49. Bxa4 Rxa4 50. Ke2 Re4+ 51. Kd1 Re3 52. Rg1 Kd3 53. Rh1
Rxg3 54. Rf1 Rh3 0-1